000 00453nam a22001697a 4500
003 MACL
005 20160724145602.0
008 160724b xxu||||| |||| 00| 0 eng d
040 _cMACL
041 _aEnglish
082 _a741.642
100 _aGrimm, Brothers
_918915
245 _aBrothers Grimm Stories
_bFor Child
_cBrothers Grimm
260 _aJaipur
_bRastriya Sahitya Sansthan
_c2011
650 _aChildren Book
_965244
942 _2ddc
_cBK
999 _c54915
_d54915